Bad Omens-THE DEATH OF PEACE OF MIND lyrics - Statistics

General Stats
  • This quiz has been taken 81 times
  • The average score is 213 of 249
Answer Stats
Answer % Correct
the
97%
death
94%
I
94%
i
94%
mind
94%
of
94%
peace
94%
down
91%
face
91%
love's
91%
running
91%
to
91%
way
91%
you
91%
your
91%
alive
88%
be
88%
break
88%
call
88%
go
88%
it
88%
make
88%
makeup
88%
taste
88%
time
88%
we
88%
another
85%
both
85%
could
85%
fuck
85%
hard
85%
home
85%
made
85%
miss
85%
mistake
85%
my
85%
name
85%
out
85%
realize
85%
say
85%
thought
85%
when
85%
will
85%
bend
82%
curtains
82%
me
82%
wasn't
82%
ever
79%
and
76%
change
76%
in
76%
you're
76%
come
73%
everything
70%
gonna
70%
satisfied
70%
hear
67%
took
67%
upside
67%
about
64%
hanging
64%
keep
64%
that
64%
touch
64%
waves
64%
are
61%
crosses
61%
now
61%
with
61%
leaving
58%
cared
55%
frames
55%
promises
55%
granted
52%
swallowing
52%
vain
48%
for
45%
need
45%
walls
45%
wake
33%
No matching quizzes found
Score Distribution
Percent of People with Each Score
Percentile by Number Answered
Your Score History
You have not taken this quiz